The blind side : (Record no. 878)

MARC details
000 -LEADER
fixed length control field 01230cam a2200337 a 4500
005 - DATE AND TIME OF LATEST TRANSACTION
control field 20260322212037.0
008 - FIXED-LENGTH DATA ELEMENTS--GENERAL INFORMATION
fixed length control field data
010 ## - LIBRARY OF CONGRESS CONTROL NUMBER
LC control number 2009293628
015 ## - NATIONAL BIBLIOGRAPHY NUMBER
National bibliography number GBA763744
Source bnb
015 ## - NATIONAL BIBLIOGRAPHY NUMBER
National bibliography number GBA740128
Source bnb
016 7# - NATIONAL BIBLIOGRAPHIC AGENCY CONTROL NUMBER
Record control number 013817763
Source Uk
016 7# - NATIONAL BIBLIOGRAPHIC AGENCY CONTROL NUMBER
Record control number 013752584
Source Uk
020 ## - INTERNATIONAL STANDARD BOOK NUMBER
International Standard Book Number 9780393330472 (pbk.)
020 ## - INTERNATIONAL STANDARD BOOK NUMBER
International Standard Book Number 0393330478 (pbk.)
020 ## - INTERNATIONAL STANDARD BOOK NUMBER
International Standard Book Number 9780393061239 (hbk.)
020 ## - INTERNATIONAL STANDARD BOOK NUMBER
International Standard Book Number 039306123X (hbk.)
040 ## - CATALOGING SOURCE
Original cataloging agency UKM
Transcribing agency UKM
Modifying agency DLC
-- BTCTA
-- BAKER
-- IEF
-- NDD
-- JBO
-- DLC
042 ## - AUTHENTICATION CODE
Authentication code pcc
043 ## - GEOGRAPHIC AREA CODE
Geographic area code n-us-ms
-- n-us-ms
050 00 - LIBRARY OF CONGRESS CALL NUMBER
Classification number GV939.O44
Item number L49 2007
001 - CONTROL NUMBER
control field data
100 1# - MAIN ENTRY--PERSONAL NAME
Personal name Lewis, Michael
Fuller form of name (Michael M.)
245 14 - TITLE STATEMENT
Title The blind side :
Remainder of title evolution of a game /
Statement of responsibility, etc. Michael Lewis.
260 ## - PUBLICATION, DISTRIBUTION, ETC.
Place of publication, distribution, etc. London :
-- London :
Name of publisher, distributor, etc. W. W. Norton,
Date of publication, distribution, etc. 2007.
300 ## - PHYSICAL DESCRIPTION
Extent 339 p. :
Other physical details ill. ;
Dimensions 21 cm.
505 0# - FORMATTED CONTENTS NOTE
Formatted contents note Back story -- The market for football players -- Crossing the line -- The blank slate -- Death of a lineman -- Inventing Michael -- The pasta coach -- Character courses -- Birth of a star -- The egg bowl -- Freak of nurture -- And Moses stuttered.
600 10 - SUBJECT ADDED ENTRY--PERSONAL NAME
Personal name Oher, Michael.
610 20 - SUBJECT ADDED ENTRY--CORPORATE NAME
Corporate name or jurisdiction name as entry element University of Mississippi
General subdivision Football.
650 #0 - SUBJECT ADDED ENTRY--TOPICAL TERM
Topical term or geographic name entry element Football players
Geographic subdivision United States
Form subdivision Biography.
650 #0 - SUBJECT ADDED ENTRY--TOPICAL TERM
Topical term or geographic name entry element College sports
Geographic subdivision United States.
Holdings
Withdrawn status Lost status Damaged status Not for loan Home library Current library Shelving location Date acquired Total checkouts Full call number Barcode Date last seen Price effective from Koha item type
        Fairview Fairview General stacks 22/03/2026   GV939.O44 L49 2007 BC0010904 22/03/2026 22/03/2026 Books